Catálogo
 En Linea

María, la intercesora Inmaculada / (Registro nro. 28464)

Detalles MARC
000 -CABECERA
campo de control de longitud fija 00492nam a2200157 a 4500
001 - NÚMERO DE CONTROL
campo de control 000028972
005 - FECHA Y HORA DE LA ÚLTIMA TRANSACCIÓN
campo de control 20200930055242.0
008 - DATOS DE LONGITUD FIJA--INFORMACIÓN GENERAL
campo de control de longitud fija 110412s1969 dr 000 0 spa d
040 ## - FUENTE DE LA CATALOGACIÓN
Centro catalogador/agencia de origen DO-SdBNP
Lengua de catalogación spa
Centro/agencia transcriptor BNPHHU
082 ## - NÚMERO DE LA CLASIFICACIÓN DECIMAL DEWEY
Número de clasificación xxx
Número de documento/Ítem I91m
049 ## - FONDOS LOCALES (OCLC)
Fondos de biblioteca BNPD
100 1# - ENTRADA PRINCIPAL--NOMBRE DE PERSONA
Nombre de persona Iturbides Hidalgo de Gil, Gloria María
9 (RLIN) 55905
245 10 - MENCIÓN DE TÍTULO
Título María, la intercesora Inmaculada /
Mención de responsabilidad, etc. Gloria María Iturbides Hidalgo de Gil.
260 ## - PUBLICACIÓN, DISTRIBUCIÓN, ETC.
Lugar de publicación, distribución, etc. Santo Domingo :
Nombre del editor, distribuidor, etc. Editora del Caribe,
Fecha de publicación, distribución, etc. 1969.
300 ## - DESCRIPCIÓN FÍSICA
Extensión 44 p. ;
Dimensiones 23 cm.
Existencias
Estado de retiro Estado de pérdida Restricciones de uso No para préstamo Código de colección Localización permanente Ubicación/localización actual Ubicación en estantería Fecha de adquisición Número de inventario Total de préstamos Signatura topográfica completa Código de barras Fecha visto por última vez Precio válido a partir de Tipo de ítem Koha Número de copia
        Patrimonio Dominicano Patrimonio Dominicano Patrimonio Dominicano En catalogación 12.04.2011 LF1   xxx I91m 28972-10 25.06.2020 25.06.2020 Libro y Folleto Colección Patrimonio Dominicano  
      Préstamo restrigido Patrimonio Dominicano Patrimonio Dominicano Patrimonio Dominicano En catalogación 12.04.2011 LF1   xxx I91m 28972-20 25.06.2020 25.06.2020 Libro y Folleto Colección Patrimonio Dominicano e . 2

Con tecnología Koha